Essential nursery management

Bibliographic Details
Main Author: Hay, Susan
Format: Book
Published: New York : Routledge Tindall , 2007
Subjects:

MARC

LEADER 00000cam a2200000 7i4500
001 0000003873
005 20110803.0
020 0 0 |a 9780415430715 
090 0 0 |a 372.216068   |b SUSA 2007 
100 1 0 |a Hay, Susan. 
245 1 0 |a Essential nursery management   |c Susan Hay 
260 0 0 |a New York :   |b Routledge Tindall ,   |c 2007 
300 |a xiii, 1982 p. :   |b ill. ;   |c 22 cm. 
650 0 0 |a Day care centers---Great Britian---Administration 
650 0 0 |a Nursery school---Great Britian---Administration 
998 |a JPSM 
999 |a 007666   |b Monograph   |c Open Shelf   |e Default branch